[Event "GER-chT U14"]
[Site "Magdeburg"]
[Date "2010.12.30"]
[Round "7.1"]
[White "Buchberger, Sascha"]
[Black "Meissner, Peter"]
[Result "1/2-1/2"]
[WhiteElo "1713"]
[BlackElo "1571"]
[PlyCount "87"]
[EventDate "2010.12.27"]
[EventType "team-swiss"]
[EventRounds "7"]
[EventCountry "GER"]
[SourceTitle "CBM 140 Extra"]
[Source "ChessBase"]
[SourceDate "2011.03.01"]
[SourceVersion "1"]
[SourceVersionDate "2011.03.01"]
[SourceQuality "1"]
[WhiteTeam "Kriegshaber"]
[BlackTeam "Brackweda"]
[WhiteTeamCountry "GER"]
[BlackTeamCountry "GER"]

1. e4 c5 2. c3 d5 3. exd5 Qxd5 4. d4 e6 5. Nf3 Nc6 6. Na3 a6 7. Nc2 Nf6 8. Be2 Be7 9. 0-0 0-0 10. Be3 c4 11. Nd2 b5 12. Bf3 Qd7 13. b3 cxb3 14. axb3 Nd5 15. c4 Nc7 16. Ra2 Bb7 17. Nb1 b4 18. Nd2 f5 19. Bf4 g5 20. Bxc7 Qxc7 21. Re1 g4 22. Bxc6 Qxc6 23. d5 exd5 24. Rxe7 dxc4 25. Qf1 cxb3 26. Nxb3 Qd5 27. Ncd4 a5 28. Rxa5 Rxa5 29. Nxa5 Qxd4 30. Rxb7 Rc8 31. Qe1 Kh8 32. Re7 Qb2 33. Re8+ Rxe8 34. Qxe8+ Kg7 35. Qe1 Qa3 36. Nc4 Qc3 37. Qxc3+ bxc3 38. Na3 f4 39. f3 h5 40. fxg4 hxg4 41. Kf2 Kf6 42. Nc2 Kf5 43. g3 Ke4 44. gxf4 1/2-1/2